Normal view
MARC view
- PAPOULIS, A
Entry Personal Name
001 - CONTROL NUMBER
- control field: 79477
003 - CONTROL NUMBER IDENTIFIER
- control field: NUST
005 - DATE AND TIME OF LATEST TRANSACTION
- control field: 20210628210450.0
008 - FIXED-LENGTH DATA ELEMENTS
- fixed length control field: 210628|| aca||aabn | a|a d
040 ## - CATALOGING SOURCE
- Original cataloging agency: NUST
- Transcribing agency: NUST
100 ## - HEADING--PERSONAL NAME
- Personal name: PAPOULIS, A
670 ## - SOURCE DATA FOUND
- Source citation: Work cat.: (NUST): PAPOULIS, A, THE FOURIER INTEGRAL AND ITS APPLICATIONS, 1962
